Statistics for Rivers by City Quiz

Click here to take the quiz!

General Stats

  • This quiz has been taken 14,578 times
  • The average score is 13 of 20

Answer Stats

Major Cities River % Correct
Minneapolis, Memphis, New OrleansMississippi
96%
Cairo, Khartoum, JubaNile
95%
Oxford, Reading, LondonRiver Thames
88%
Albany, New York City, Jersey CityHudson
82%
Vienna, Budapest, BelgradeDanube
82%
Basel, Düsseldorf, RotterdamRhine
76%
Albuquerque, El Paso, Ciudad JuárezRio Grande
76%
Nizhny Novgorod, Samara, VolgogradVolga
73%
Chongqing, Wuhan, ShanghaiYangtze
70%
Omaha, Kansas City, St. LouisMissouri
69%
Allahabad, Kanpur, KolkataGanges
64%
Brazzaville, Kinshasa, MbandakaCongo
57%
Grand Junction, Lake Havasu City, YumaColorado
56%
Massena, Montreal, Quebec CitySt. Lawrence
53%
Louisville, Cincinnati, PittsburghOhio
53%
Vientiane, Nong Khai, Phnom PenhMekong
51%
Geneva, Lyon, AvignonRhone
49%
Bamako, Timbuktu, NiameyNiger
40%
Buenos Aires, San Fernando, MontevideoRío de la Plata
35%
Tulsa, Wichita, Little RockArkansas
33%

Score Distribution

Percentile by Number Answered

Percent of People with Each Score

Your Score History

You have not taken this quiz